000 00880 a2200265 4500
001 119946
020 _a9780545304412
040 _cEscola Canadense de Niteroi
090 _aS4 - LAN
100 _aLanders, Ace
245 1 0 _aLEGO Stars Wars: Darth Maul's mission
250 _a1st. ed.
260 _aNew York
300 _a24 p.
_c2 x 0.64 x 20.32 cm
362 0 _a2011
490 0 _aLEGO Star Wars
520 _aA long time ago, in a galaxy built brick-by-brick . . . Sith vs. Jedi! Darth Maul gets more than he bargained for when he's sent to capture Padme Amidala. Two Jedi, one force-sensitive orphan, and a whole Queen's entourage: so much for a simple kidnapping mission!
650 4 _aLEGO toys
650 4 _aOuter space
650 4 _aChildren's Literature
650 4 _aComic Books
650 4 _aSpace flight
650 4 _aTv Shows
942 _cBK
999 _c119946
_d119946